000 004770000a22001690004500
041 0 _aSPA
082 0 4 _aG 320 V845r
100 1 _aDe Vitoria, Francisco (1483-1546)
245 1 0 _aRelecciones : Del estado, de los indios, y del derecho de la guerra / Francisco de Vitoria
260 _aMéxico : Porrúa
300 _a103 Pag
001 9585
942 _cBK
999 _c39527
_d39527
336 _atexto
_btxt
_2rdacontent
337 _2rdamedia
_asin mediación
_bn
338 _2rdacarrier
_avolumen
_bnc